| 000 | 00546nam a2200181 4500 | ||
|---|---|---|---|
| 001 | 127554 | ||
| 003 | ES-MaACL | ||
| 005 | 20230906193033.0 | ||
| 007 | t| | ||
| 008 | 070214s1972 sp r ||||1| spa d | ||
| 100 | 1 |
_aRifa, Josefina. _997181 |
|
| 245 | 1 | 0 |
_aPlástica y pretecnología _b: 6ª Enseñanza General Básica / _cJosefina Rifa, Salvador Rossell. |
| 250 | _a1ª. ed. | ||
| 260 |
_aBarcelona : _bCasals, _c1972. |
||
| 300 |
_a13 p. : _bil. ; _c21 cm. |
||
| 700 | 1 |
_aRossell, Salvador. _999835 |
|
| 852 |
_aES-MaACL _jC-48950 _bR.84955 |
||
| 999 |
_c127554 _d127554 |
||